00669cam a2200205 a 450000100100000000500170001000800410002702000150006804000250008308200190010810000330012724500310016026000300019130000210022149000340024265000260027665000300030295201160033299900150044800000630820200929153919.0860703s1985 fr 000 1 fre  a2863741934 aDO-SdBNPbspacBNPHU a843.914bV381b1 aVautrin, Jean,d1933-91759910aBaby boom /cJean Vautrin. aParis :bMazarine,c1985. a243 p. ;c21 cm.1 aLe Livre de Poche :vno. 6231 4aNovela francesa91075 4aLiteratura francesa91074 001050718MOaGRbGRcHDd2009-08-27iLF1l0o843.914 V381bp6308-10r2020-06-25w2020-06-25y1ZNo se presta c6103d6103